| 000 | 011440000a22002650004500 | ||
|---|---|---|---|
| 003 | EG-GICUC | ||
| 005 | 20250223030032.0 | ||
| 008 | 090823s1978 ua d f m 000 0 ara d | ||
| 040 |
_aEG-GiCUC _bara _cEG-GiCUC |
||
| 041 | 0 | _aara | |
| 049 | _aايداع | ||
| 097 | _aماجستير | ||
| 099 | _aCai01.02.06.M.A.1978.حن.ص | ||
| 100 | 0 | _aحنون عبدالمجيد | |
| 245 | 1 | 0 |
_aصورة الفرنسى فى الرواية المغربية منذ الحرب العالمية الثانية حتى 1976 / _cحنون عبدالمجيد ؛ اشراف سهير القلماوى |
| 246 | 1 | 5 | _aL'image du francais dans le roman maghrebin de la 20 guerre mondiale A. 1976 |
| 260 |
_aالقاهرة : _bحنون عبدالمجيد : _c1978 |
||
| 300 |
_a471ورقة : _bرسوم بيانية ؛ _c30سم |
||
| 502 | _aاطروحة(ماجستير) - جامعة القاهرة - كلية الاداب - قسم اللغة العربية وادابها | ||
| 700 | 0 |
_aسهير القلماوى : _eمشرف |
|
| 856 | _uhttp://172.23.153.220/th.pdf | ||
| 905 |
_aMustafa _eRevisor |
||
| 905 |
_aSamia _eCataloger |
||
| 942 |
_2ddc _cTH |
||
| 999 |
_c26033 _d26033 |
||